|
|
|
|
| LEADER |
00000nab a2200000 a 4500 |
| 001 |
vtls011111197 |
| 003 |
SK-MaSNL |
| 005 |
20260303150438.0 |
| 008 |
230222|1999 xo |||||||||||||||||slo| |
| 015 |
|
|
|a SNBRB
|
| 035 |
|
|
|a (uuid)d3d1e15f-4857-492d-a78a-20f27a630894
|
| 035 |
|
|
|a (urnnbn)urn:nbn:sk:snk:ar-a08f7k
|
| 035 |
|
|
|a urn:nbn:sk:snk-ab9huj
|
| 040 |
|
|
|a SNKBUCL
|b slo
|c SNKBUCL
|e AACR2
|
| 041 |
0 |
|
|a slo
|
| 044 |
|
|
|a xo
|c SK
|
| 100 |
1 |
|
|a Turza, Jozef
|4 aut
|9 5838
|
| 245 |
1 |
0 |
|a ZÁKLADNÉ VZŤAHY DVOJFÁZOVÉHO KÝVAVÉHO HYDROMOTORA SO STRIEDAVÝM PRIETOKOM KVAPALINY
|c Jozef Turza, Ivan Jurčo
|
| 700 |
1 |
|
|a Jurčo, Ivan
|4 aut
|9 310164
|
| 773 |
0 |
|
|t Vedecké práce Materiálovotechnologickej fakulty Slovenskej technickej univerzity v Bratislave so sídlom v Trnave
|g Č. 7 (1999), s. 331-337
|
| 954 |
|
|
|a odborná, vedecká literatúra pôvodná (slovenská)
|2 lita
|
| 958 |
|
|
|a OND
|
| 958 |
|
|
|a EUIPO
|
| 958 |
|
|
|a article13
|
| 999 |
|
|
|c 2010733
|d 2012663
|